Library Logo

Pioneer International University Library Catalogue

LOVING SOLUTIONS: (Record no. 9995)

MARC details
000 -LEADER
fixed length control field 00552nam a22001697a 4500
003 - CONTROL NUMBER IDENTIFIER
control field OSt
005 - DATE AND TIME OF LATEST TRANSACTION
control field 20260318080110.0
008 - FIXED-LENGTH DATA ELEMENTS--GENERAL INFORMATION
fixed length control field 260318b |||||||| |||| 00| 0 eng d
020 ## - INTERNATIONAL STANDARD BOOK NUMBER
International Standard Book Number 1881273253
040 ## - CATALOGING SOURCE
Transcribing agency MOODY PRESS
050 ## - LIBRARY OF CONGRESS CALL NUMBER
Classification number BV 835 .C48 1998
Item number .C48 1998
245 ## - TITLE STATEMENT
Title LOVING SOLUTIONS:
Remainder of title OVERCOMING BARRIERS IN YOUR MARRIAGE/
Statement of responsibility, etc. CHAPMAN ,GARY
250 ## - EDITION STATEMENT
Edition statement 1ST EDITION
260 ## - PUBLICATION, DISTRIBUTION, ETC.
Place of publication, distribution, etc. CHICAGO:
Name of publisher, distributor, etc. MOODY PRESS,
Date of publication, distribution, etc. 1998
300 ## - PHYSICAL DESCRIPTION
Extent 214 pages,
Other physical details hardcover, includes bibliographic references and index,
Dimensions ill. :col. ;23.5 cm
942 ## - ADDED ENTRY ELEMENTS (KOHA)
Source of classification or shelving scheme Library of Congress Classification
Koha item type Books
Edition 1st ed.
Suppress in OPAC No
Holdings
Withdrawn status Lost status Source of classification or shelving scheme Damaged status Not for loan Home library Current library Date acquired Total checkouts Full call number Barcode Date last seen Price effective from Koha item type
    Library of Congress Classification     PIU Library Main Library 03/18/2026   BV 835 .C48 1998 PIUDLMUR989 03/18/2026 03/18/2026 Books